00342pab a2200133 454500008004000000100001900040245005200059260000900111300001300120362000800133650003000141650001400171773002300185180718b2001 xxu||||| |||| 00| 0 eng d aKotwal, Dinesh aInsurgency in Assam: the demographic dimensions c2001 ap.313-24 aMay aTerrorism - India - Assam aTerrorism aStrategic Analysis